| 000 | 01646nam a2200397 a 4500 | ||
|---|---|---|---|
| 001 | ebr10310795 | ||
| 003 | CaPaEBR | ||
| 006 | m u | ||
| 007 | cr cn||||||||| | ||
| 008 | 090602s2009 enkb sb 001 0 eng | ||
| 010 | _z 2009278873 | ||
| 015 |
_aGBA8B0107 _2bnb |
||
| 016 | 7 |
_z014754881 _2Uk |
|
| 020 | _z9781845117603 (hbk.) | ||
| 020 | _z1845117603 (hbk.) | ||
| 040 |
_aCaPaEBR _cCaPaEBR |
||
| 035 | _a(OCoLC)649947865 | ||
| 043 |
_ae-uk-en _aew----- |
||
| 050 | 1 | 4 |
_aBR750 _b.T36 2009eb |
| 082 | 0 | 4 |
_a274.205 _222 |
| 084 |
_a15.70 _2bcl |
||
| 084 |
_a11.52 _2bcl |
||
| 100 | 1 | _aTanner, Norman P. | |
| 245 | 1 | 4 |
_aThe ages of faith _h[electronic resource] : _bpopular religion in late medieval England and Western Europe / _cNorman Tanner. |
| 260 |
_aLondon ; _aNew York : _bI.B. Tauris ; _aNew York : _bDistributed in the United States and Canada exclusively by Palgrave Macmillan, _c2009. |
||
| 300 |
_axi, 232 p. : _bmaps. |
||
| 490 | 1 |
_aInternational library of historical studies ; _v56 |
|
| 504 | _aIncludes bibliographical references (p. [201]-219) and indexes. | ||
| 533 |
_aElectronic reproduction. _bPalo Alto, Calif. : _cebrary, _d2013. _nAvailable via World Wide Web. _nAccess may be limited to ebrary affiliated libraries. |
||
| 651 | 0 |
_aEngland _xChurch history _y1066-1485. |
|
| 651 | 0 |
_aEurope, Western _xChurch history _y1066-1485. |
|
| 655 | 7 |
_aElectronic books. _2local |
|
| 710 | 2 | _aebrary, Inc. | |
| 830 | 0 |
_aInternational library of historical studies ; _v56. |
|
| 856 | 4 | 0 |
_uhttp://site.ebrary.com/lib/rucke/Doc?id=10310795 _zAn electronic book accessible through the World Wide Web; click to view |
| 999 |
_c161805 _d161805 |
||